000 006060000a22001690004500
090 _aAR
_b00268
245 1 0 _aCaracterización estructural y funcional de los macrofitos de la laguna de Suesca (<Cundinamarca, Colombia>) en dos periodos climáticos diferentes
650 1 4 _aLimnología
_993114
650 1 4 _aAnálisis del agua
_993112
650 1 4 _aComunidades acuáticas
_993111
650 1 4 _aEcología
_992250
651 4 _lLaguna de Suesca
_dCundinamarca
_pColombia
_992749
041 0 _aEspañol
100 1 _aDíaz Aragón, Germán Ricardo
_993116
942 _cARTICULO
773 1 _tTesis
_3103
_q1-30
_d1995
999 _c9368
_d9368